प्राचीन भारतीय राजनीतिक विचारधारा / (Record no. 121118)

MARC details
000 -LEADER
fixed length control field 01086nam a22002537a 4500
005 - DATE AND TIME OF LATEST TRANSACTION
control field 20170124103208.0
010 ## - LIBRARY OF CONGRESS CONTROL NUMBER
LC control number A-990721
020 ## - INTERNATIONAL STANDARD BOOK NUMBER
Terms of availability 00.00
International Standard Book Number 8171242243
035 ## - SYSTEM CONTROL NUMBER
System control number A-990721
037 ## - SOURCE OF ACQUISITION
Source of stock number/acquisition Cen Lib/Ret
040 ## - CATALOGING SOURCE
Original cataloging agency DPL
Language of cataloging HN
082 ## - DEWEY DECIMAL CLASSIFICATION NUMBER
Classification number 954
Item number लल्लन
100 ## - MAIN ENTRY--PERSONAL NAME
Personal name लल्लनजी गोपाल
9 (RLIN) 94742
245 ## - TITLE STATEMENT
Title प्राचीन भारतीय राजनीतिक विचारधारा /
Statement of responsibility, etc लल्लनजी गोपाल
246 ## - VARYING FORM OF TITLE
Title proper/short title Prachin bhartiya rajnitik vichardhara /
Remainder of title by Lallanji Gopal
260 ## - PUBLICATION, DISTRIBUTION, ETC. (IMPRINT)
Place of publication, distribution, etc वाराणसी
Name of publisher, distributor, etc विशवविधालय प्रकाशन
Date of publication, distribution, etc 1999
270 ## - ADDRESS
Address चौक
City वाराणसी
Postal code 221001
300 ## - PHYSICAL DESCRIPTION
Extent 259पृ.
Dimensions 21सेमी(सजिल्द)
650 ## - SUBJECT ADDED ENTRY--TOPICAL TERM
Topical term or geographic name as entry element प्राचीन भारतीय-- राजनीति
9 (RLIN) 3552
650 ## - SUBJECT ADDED ENTRY--TOPICAL TERM
Topical term or geographic name as entry element कल्पसूत्र का काल
9 (RLIN) 92311
650 ## - SUBJECT ADDED ENTRY--TOPICAL TERM
Topical term or geographic name as entry element Ancient India--Politics
9 (RLIN) 94743
650 ## - SUBJECT ADDED ENTRY--TOPICAL TERM
Topical term or geographic name as entry element Periods of Kalpasutra
9 (RLIN) 94744
942 ## - ADDED ENTRY ELEMENTS (KOHA)
Source of classification or shelving scheme Dewey Decimal Classification
Koha item type Hindi Books
Classification part 954
Call number suffix लल्लन
Holdings
Withdrawn status Lost status Damaged status Not for loan Home library Current library Date acquired Source of acquisition Cost, normal purchase price Total Checkouts Full call number Barcode Date last seen Date checked out Copy number Cost, replacement price Price effective from Koha item type
        Central Library Central Library 01/10/2015 Cen Lib/Ret 0.00 2 954 लल्लन A-990721 12/06/2018 29/05/2018 1 0.00 01/10/2015 Hindi Books

© Delhi Public Library
Hit Counter
free hit counter